Súborný katalóg knihovníckej literatúry v slovenských vedeckých knižniciach (zv. I. Literatúra zahraničná, zv. II. Literatúra domáca)

Bibliographic Details
Format: Article
Language:Slovak
Subjects:

MARC

LEADER 00000nab a2200000 ar4500
001 vtls010079827
003 SK-MaSNL
005 20260303050533.0
008 100325c1972 xo zr|m|||||||000 b|slo
015 |a SNBRA2010/03  |2 snkbucl 
038 |a SNKBUCL 
040 |a SNKBUCL  |b slo  |c SNKBUCL  |e AACR2 
041 0 |a slo 
044 |a xo  |c SK 
080 |a 016:02  |x (08)  |x (048)  |2 1997 
080 |a 027.54  |x (08)  |x (048)  |2 1997 
245 0 0 |a Súborný katalóg knihovníckej literatúry v slovenských vedeckých knižniciach  |b (zv. I. Literatúra zahraničná, zv. II. Literatúra domáca)  |c [autor] K. 
650 0 7 |a Knihovnícka literatúra  |2 snkbucl  |9 319995 
650 0 7 |a súborné katalógy  |2 snkbucl  |9 66975 
655 7 |a zborníky  |2 snkbucl  |9 70165 
655 7 |a recenzie  |2 snkbucl  |9 21907 
773 0 |t Knižničný zborník 1972  |d Martin : Matica slovenská, 1972  |g S. 194-195 
787 0 8 |i Rec.:  |t Súborný katalóg knihovníckej literatúry v slovenských vedeckých knižniciach  |d Martin : Matica slovenská, 1972 
852 |a SNK  |b KIS3GCP 
958 |a KL 
958 |a RC 
999 |c 1707868  |d 1709798